000 00550nam a22001937a 4500
999 _c16751
_d16751
003 OSt
005 20180322135656.0
008 180322b xxu||||| |||| 00| 0 eng d
020 _a9780415441759
040 _cKABU
050 _aTD 194.68
_b.M48 2009 C.1
245 _aMethods of environmental impact assessment
250 _a3rd ed.
260 _aLondon
_bRoutledge
_c2009
300 _axvi, 560p.
650 _aEnvironmental impact analysis
_vG. B
650 _aEnvironmental impact analysis
_vEuropean union countries
942 _2lcc
_cBK